| 000 | 00577nam a2200205Ia 4500 | ||
|---|---|---|---|
| 005 | 20221126130856.0 | ||
| 008 | 131103s9999 xx 000 0 und d | ||
| 020 | _cRs.58 | ||
| 040 | _aLoreto College | ||
| 041 | _aEnglish | ||
| 082 |
_a954.14 _bMON |
||
| 100 | _aMonahan,F.J. | ||
| 245 | 4 |
_aThe early history of Bengal _b Mauryan Empire _cF.J. Monahan |
|
| 260 |
_aVaransi _bBhartiya Publishing House _c1974 |
||
| 300 |
_a248 p. _b maps,illus. |
||
| 504 | _aIncludes index and bibliographical references | ||
| 650 | _aBengal - History | ||
| 850 | _aLCLIB | ||
| 942 | _cBK | ||
| 999 |
_c10170 _d60649 |
||